| 000 | 00639cam a22001331 4500 | ||
|---|---|---|---|
| 082 |
_a954.03 _bBLA |
||
| 100 | 1 |
_aBlacker, Valentine, _949825 |
|
| 245 | 1 | 0 |
_aMemoir of the operations of the British army in India, _bduring the Mahratta War of 1817, 1818, & 1819. _cIllustrated by maps and topographical plans. By Lieut.-Colonel Valentine Blacker ... |
| 260 |
_aLondon, _bBlack, Kingsbury, Parbury, and Allen, _c1821. |
||
| 300 |
_axxxiii p., 1 l., 494 p. _bfold. pl. and atlas of fold. pl., 8 maps, 38 (i.e. 37) plans. _c28 x 22 cm. |
||
| 526 |
_a0 _b0 _c0 _d954_030000000000000_BLA |
||
| 650 | 0 |
_aMaratha War, 1816-1818. _949826 |
|
| 942 |
_2ddc _cBK |
||
| 999 |
_c552578 _d552578 |
||